Pre-Presidents Quiz Stats

 Plays Quiz Updated Feb 7, 2020

Support Sporcle.
Go Orange.
Score 0/17 Timer 05:00
1 Play Today
Term President % Correct
Second Continental CongressJohn Hancock
85.7%
Second Continental CongressJohn Jay
25.1%
U.S. Congress AssembledRichard Henry Lee
24%
First Continental CongressPeyton Randolph
11.5%
Second Continental CongressPeyton Randolph
11.5%
U.S. Congress AssembledJohn Hanson
10.2%
Second Continental CongressSamuel Huntington
5.9%
U.S. Congress AssembledSamuel Huntington
5.9%
First Continental CongressHenry Middleton
5.6%
Term President % Correct
Second Continental CongressHenry Laurens
5%
U.S. Congress AssembledThomas Mifflin
4.9%
U.S. Congress AssembledArthur St. Clair
4.5%
U.S. Congress AssembledCyrus Griffin
4.2%
U.S. Congress AssembledThomas McKean
4.2%
U.S. Congress AssembledElias Boudinot
3.7%
U.S. Congress AssembledNathaniel Gorham
3.6%
U.S. Congress AssembledDavid Ramsay
3.1%

From the Vault

'Somewhere Only We Know' Lyrics

by MovieGuru

Music 7m
The lyrics are also somewhere only we know. But you'll know too, after you finish the quiz.
Remove Ads.
Support Sporcle.
Get the best of Sporcle when you Go Orange. This ad-free experience offers more features, more stats, and more fun while also helping to support Sporcle. Thank you for becoming a member.

Show Comments

Extras

Top Quizzes Today


Score Distribution

Your Account Isn't Verified!

In order to create a playlist on Sporcle, you need to verify the email address you used during registration. Go to your Sporcle Settings to finish the process.

Report this User

Report this user for behavior that violates our Community Guidelines.

Details: